000 00644nam a2200265Ia 4500
003 OSt
005 20221006151504.0
006 a|||||r|||| 00| 0
007 ta
008 221006b |||||||| |||| 00| 0 jpn d
020 _c¥170
024 _a22,304
037 _cTextual
040 _aEASL
_cEASL
_bjpn
041 _2jpn
_ajpn
082 _aX.42.N5, K0
100 _aNAGASU Kazuji
_9659319
245 0 _aNihon keizai nyumon
260 _aTokyo
_bKobunsha Japan
_c1960
300 _a255p.
_ccm.
490 _v JL
650 _aJL
942 _hX.42.N5, K0
_cTEXL
_2CC
999 _c1090390
_d1090390